00876nam a2200229 a 450000100060000000300090000600800410001502000150005604000280007108200190009924500380011826000520015630000090020849000180021759001100023565000190034565000360036465000480040094200120044899900170046095201690047720302CO-ViMGA141112s2004 ck r 000 u spa d a9589520995 aCO-ViMGAbspacCO-ViMGA04a808.8385 C835c10aCuentos Perversos : bAntología aBogotá : bComún presencia Editores, c2003 a153p aLos Conjuados aForma de adquisición : Premio Min Cultura - - Precio : 18.850 - - Fecha de adquisición : Febrero 200514aCUENTOS95444414aEROTISMO EN LA LITERATURA9120914aRELACIONES SEXUALES EN LA LITERATURA929329 2ddccBK c29316d29316 00102ddc40708003aMEVIECARbMEVIECARd2015-12-04hVolumen. 1 | 11/jun/2009l1m1o808.8385 C835c p20302r2018-10-02 00:00:00s2017-03-16tEj. 1w2015-12-04yBK